000 00717na a2200253 4500
001 14111
003 MIRAKIL
005 20181213154841.0
008 160824b tu 000 0
020 _a9757632115
035 _a14111
040 _aMilas
_btur
_cTR-AnCHP
082 _aATA 923.156
_bA62m 1998
090 _aATA 923.156 A62m 1998
100 _aAraz, Nezihe
245 _aMustafa Kemal'le 1000 gün
_cNezihe Araz
260 _aİstanbul
_bDünya Yayınları
_c1998
300 _a237 s.
_bfotg.
490 _aİnceleme Araştırma dizisi
_v1
504 _aKaynakça var.
600 _aLatife Hanım
_d1898-1975
_xAnılar
600 _aAtatürk, Mustafa Kemal
_d1881-1938
_xAnılar
942 _2dcc
_cBKS
999 _c1963
_d1963